Mario Kart Wii - Ultimate Quiz - Statistics

General Stats
  • This quiz has been taken 107 times
  • The average score is 69 of 123
Answer Stats
Cat Thing Answer % Correct
Characters Medium Mario
98%
Characters Large Bowser
95%
Characters Medium Luigi
95%
Characters Large Wario
92%
Characters Medium Daisy
90%
Characters Large Donkey Kong
90%
Characters Medium Peach
90%
Characters Small Toad
90%
Characters Small Baby Luigi
88%
Characters Small Baby Mario
88%
Characters Medium Diddy Kong
88%
Characters Large Waluigi
88%
Characters Small Baby Daisy
85%
Characters Small Baby Peach
85%
Characters Small Dry Bones
85%
Items Mushroom
85%
Tracks Special Cup Rainbow Road
85%
Tracks Lightning Cup | Special Cup Bowser's Castle
83%
Tracks Mushroom Cup Luigi Circuit
83%
Tracks Mushroom Cup Moo Moo Meadows
83%
Characters Medium Yoshi
83%
Tracks Flower Cup | Leaf Cup Mario Circuit
81%
Tracks Mushroom Cup Toad's Factory
81%
Tracks Flower Cup Wario's Gold Mine
81%
Characters Large Funky Kong
80%
Items Green Shell
80%
Characters Small Koopa Troopa
80%
Characters Small Toadette
80%
Items Bullet Bill
78%
Items Star
78%
Items Banana
76%
Characters Medium Birdo
76%
Characters Large King Boo
76%
Tracks Star Cup Maple Treeway
76%
Tracks Mushroom Cup Mushroom Gorge
76%
Items Red Shell
76%
Characters Large Rosalina
76%
Tracks Star Cup Daisy Circuit
75%
Tracks Flower Cup Coconut Mall
75%
Tracks Flower Cup DK's Snowboard Cross / DK Summit
75%
Items Lightning
75%
Characters Medium Bowser Jr
73%
Characters Large Dry Bowser
73%
Tracks Star Cup Koopa Cape
71%
Tracks Banana Cup Delfino Square
69%
Tracks Special Cup Dry Dry Ruins
69%
Tracks Special Cup Moonview Highway
69%
Tracks Banana Cup Waluigi Stadium
68%
Tracks Star Cup Grumble Volcano
66%
Tracks Shell Cup Peach Beach
66%
Tracks Lightning Cup DK Mountain
64%
Items Golden Mushroom
63%
Tracks Shell Cup Yoshi Falls
63%
Items Mega Mushroom
61%
Tracks Shell Cup Mario Raceway
58%
Tracks Lightning Cup Peach Gardens
58%
Items POW Block
58%
Tracks Banana Cup Sherbet Land
58%
Items Triple Bananas
58%
Items Triple Green Shells
58%
Items Triple Red Shells
58%
Tracks Banana Cup Shy Guy Beach
56%
Vehicles Large Bowser Bike / Flame Runner
54%
Items Fake Item Box
54%
Items Spiny Shell
54%
Items Blooper
53%
Tracks Leaf Cup Desert Hills
53%
Tracks Shell Cup Ghost Valley 2
53%
Tracks Lightning Cup Mario Circuit 3
53%
Items Triple Mushrooms
53%
Items Thundercloud
49%
Tracks Leaf Cup DK's Jungle Parkway
47%
Tracks Leaf Cup Bowser Castle 3
46%
Vehicles Small Bullet Bike
44%
Items Bob-omb
42%
Vehicles Large Wario Bike
42%
Vehicles Medium Mach Bike
41%
Stages Wii Stages Funky Stadium
39%
Vehicles Large Standard Bike L
39%
Vehicles Medium Standard Bike M
39%
Vehicles Large Standard Kart L
39%
Vehicles Medium Standard Kart M
39%
Vehicles Small Standard Kart S
39%
Vehicles Medium Dolphin Dasher
37%
Vehicles Small Standard Bike S
37%
Characters Medium Mii Outfit A
34%
Characters Large Mii Outfit B
34%
Vehicles Large Torpedo / Spear
34%
Vehicles Small Blue Falcon
32%
Stages Wii Stages Delfino Pier
32%
Vehicles Large Offroader
32%
Vehicles Large Twinkle Star / Shooting Star
32%
Vehicles Small Baby Booster / Booster Seat
31%
Stages Wii Stages Chain Chomp Wheel / Chain Chomp Roulette
31%
Vehicles Small Magikruiser
31%
Vehicles Small Quacker
31%
Vehicles Medium Wild Wing
31%
Stages Retro Stages Twilight House
29%
Vehicles Large Piranha Prowler
27%
Vehicles Small Rally Romper / Tiny Titan
27%
Vehicles Large Aero Glider / Jetsetter
25%
Stages Wii Stages Block Plaza
25%
Vehicles Small Bubble Bike / Jet Bubble
24%
Vehicles Small Concerto / Mini Beast
24%
Stages Retro Stages Cookie Land
24%
Vehicles Small Nanobike / Bit Bike
24%
Vehicles Medium Nitrocycle / Sneakster
24%
Vehicles Large Phantom
24%
Vehicles Medium Royal Racer / Daytripper
24%
Stages Wii Stages Thwomp Desert
24%
Stages Retro Stages Battle Course 3
22%
Stages Retro Stages Battle Course 4
22%
Vehicles Medium Bon Bon / Sugar Scoot
22%
Vehicles Large Dragonetti / Honeycoupe
22%
Vehicles Large Flame Flyer
20%
Vehicles Medium Rapide / Zip Zip
20%
Vehicles Medium Turbo Blooper / Super Blooper
20%
Vehicles Medium Nostalgia 1 / Classic Dragster
19%
Stages Retro Stages Skyscraper
19%
Vehicles Medium B Dasher Mk. 2 / Sprinter
17%
Vehicles Small Cheep Charger
14%
No matching quizzes found
Score Distribution
Percent of People with Each Score
Percentile by Number Answered
Your Score History
You have not taken this quiz